Statistiques concernant Connecteurs logique Anglais

Cliquez ici pour prendre le quiz!

Statistiques générales

  • Ce quiz a été pris 49 fois
  • Le résultat moyen est 6 sur 62

Statistiques - réponses

Type de quizConnecteur en Anglais% Correct
Causebecause
79%
Causefor
58%
additionand
49%
Causeas
40%
Conditionif
37%
Aimto
37%
Examplelike
33%
Causedue to
26%
Aimin order to
21%
Causebecause of
19%
Causesince
19%
Concessiondespite
16%
Examplesuch as
16%
additionalso
14%
Concessionalthough
14%
Causethanks to
14%
Concessionnevertheless
12%
oppositionunlike
12%
oppositioncontrary to
9%
oppositionwhile
9%
Concessionwhile
9%
additionas well as
7%
additionbesides
7%
Consequencehence
7%
Concessionin spite of
7%
Causeowing to
7%
Aimso as to
7%
Concessionthough
7%
Conditionunless
7%
additionin addition to
5%
Conditionprovided
5%
Causeas a result of
2%
Conditionas long as
2%
Concessioneven though
2%
Concessiongiven that
2%
Concessiongranted
2%
additionnot only but also
2%
additionnot to mention
2%
Concessionnot with standing
2%
additionthe less the less
2%
additionthe more the more
2%
Concessionadj + thought + subject + may be
0%
additionall the more so as
0%
oppositionas opposed to
0%
oppositionbut whereas
0%
Consequencecausing
0%
Consequencegiving rise to
0%
Concessionhowever + adj + subject + may be
0%
Aimin an attempt to
0%
Aimin an effort to
0%
Causein as much as
0%
Causein so far as
0%
Consequenceleading to
0%
Concessionmay well be
0%
Conditionon the understanding that
0%
Consequenceresuting in
0%
Consequencesetting off
0%
Aimso as not to
0%
Aimso that + sujet + modal
0%
Concessionstill
0%
Examplesuch + noun plural + as
0%
Consequencetriggering
0%

Distribution des résultats

Percentile par nombre de réponses

% des personnes avec chaque résultat

Votre développement - résultats

Vous n’avez pas pris ce quiz